| 000 | 00509nam a2200145 a 4500 | ||
|---|---|---|---|
| 008 | 120416s1952 ||||||||||||||||| || u | ||
| 050 | _aHG 1572 Bar | ||
| 100 | _aBarker, H. A. F | ||
| 245 | 1 | 4 | _aThe principles and practice of banking in South Africa |
| 250 | _a3rd ed | ||
| 260 |
_aCape Town _bJuta _c1952 |
||
| 300 | _a[8], 549p. | ||
| 350 | _a0.00 | ||
| 995 |
_D0.00 _FCBU-MAIN LIBRARY (Kitwe) _H1 _I2.25 _M1 _UAVAILABLE _ZAnnex Low-Usage Collection |
||
| 999 |
_c54483 _d54483 |
||